1920 1364 1978 1632 1359 1751 1787 1970 1800 1543 1718 1581 1841 1011 1062 1940 1865 1244 1893 1890 1476 1057 1742 1501 1762 1816 1289 1954 1490 1183 1731 1534 1427 1437 1654 1570 1967 1392 1654 1250 1938 1896 1463 1355 1814 1505 1662 1139 1817 1408 1903 1600 1605 1577 1887 1675 1894 1050 1418 1310 1945 1776 1855 1696 1492 1141 1081 1263 1735 1946 1668 1445 1189 1919 1901 1839 1043 1453 1530 1569 1253 1416 1453 1021 1519 1810 1586 1748 1750 1383 1895 1496 1837 1836 1097 1388 1116 1685 1482 BCNSPRNW ULIB Ver.6.0+V

เปลี่ยนเป็นภาษาไทย

Change to English
 แสดงรายละเอียดบรรณานุกรม
  กลับหน้าหลัก

Brief Record : Get Marc (ISO 2709) : E-mail record : QR code < ปิดหน้าต่าง
LEADER : 00000nam 2200000uu 4500
001    13399119975
003     ULIB
008    120817s2554||||th 000 0 tha d
020    ^a9789749608494(ล.2)
060 04 ^aQY25^bป411ค ล.2
100 0  ^aประสาร เปรมะสกุล,^cพลเอก
245 10 ^aคู่มือแปลผลตรวจเลือด.^nเล่มสอง /^cพลเอก ประสาร เปรมะสกุล
250    ^aพิมพ์ครั้งที่ 4
260    ^aกรุงเทพฯ :^bอรุณการพิมพ์,^c2554
300    ^a396 หน้า :^bภาพประกอบ ;^c23 ซม.
650  7 ^aเลือด, การตรวจ
945    ^p350^l0^i19225
945    ^p350^l0^i19235
995    ^aเกษร
999    ^aใช้งานได้ทุกระบบ
รายการนี้ยังไม่มีแท็ก
คุณยังไม่ได้ล็อกอิน คุณสามารถมีกิจกรรมร่วมกับเว็บไซต์ได้ แต่ต้องล็อกอินก่อน ::
  ล็อกอิน

รายการสื่อสารสนเทศ

ลำดับที่ ประเภท เลขเรียก/บาร์โค้ด สถานที่ สถานะ
1. วิทยาศาสตร์การแพทย์ และสุขภาพ
วิทยาศาสตร์การแพทย์ และสุขภาพ
สถานะ=หนังสือเก่า
QY25 ป411ค ล.2 ฉ.1 
  Barcode: 19225
ห้องสมุดวิทยาเขตนครสวรรค์
►ส่วนจัดเก็บหนังสือเก่า นว.
บนชั้น
  ขอยืม
2. วิทยาศาสตร์การแพทย์ และสุขภาพ
วิทยาศาสตร์การแพทย์ และสุขภาพ
สถานะ=หนังสือเก่า
QY25 ป411ค ล.2 ฉ.2 
  Barcode: 19235
ห้องสมุดวิทยาเขตนครสวรรค์
►ส่วนจัดเก็บหนังสือเก่า นว.
บนชั้น
  ขอยืม

รายการใกล้เคียง
    หัวเรื่อง [เลือด, การตรวจ]

BibComment


ยังไม่เคยถูกคอมเมนท์

คอมเมนท์ทรัพยากรรายการนี้
  คอมเมนท์: คู่มือแปลผลตรวจเ..


 Copyright 2026. Bcnsprnw @Library